Demografía guatemalteca: una bibliografía anotada primer suplemento 1977 - 1979

Gespeichert in:
Bibliographische Detailangaben
1. Verfasser: Arias de Blois, Jorge
Format: Text
Veröffentlicht: Guatemala: Universidad del Valle
Tags: Tag hinzufügen
Keine Tags, Fügen Sie den ersten Tag hinzu!

MARC

LEADER 00000 a a2200000 04500
001 21647
003
040
090 |a 096400  
100 |a Arias de Blois, Jorge  
245 |a Demografía guatemalteca: una bibliografía anotada primer suplemento 1977 - 1979  
260 |a Guatemala:   |b Universidad del Valle  
300 |a 99 p  
999 |c 15233  |d 15233